<?xml version="1.0" encoding="UTF-8"?><?xml-stylesheet type="text/xsl" href="static/style.xsl"?><OAI-PMH xmlns="http://www.openarchives.org/OAI/2.0/" xmlns:xsi="http://www.w3.org/2001/XMLSchema-instance" xsi:schemaLocation="http://www.openarchives.org/OAI/2.0/ http://www.openarchives.org/OAI/2.0/OAI-PMH.xsd"><responseDate>2026-04-13T06:16:19Z</responseDate><request verb="GetRecord" identifier="oai:www.recercat.cat:20.500.12327/3128" metadataPrefix="marc">https://recercat.cat/oai/request</request><GetRecord><record><header><identifier>oai:recercat.cat:20.500.12327/3128</identifier><datestamp>2025-10-22T11:27:17Z</datestamp><setSpec>com_2072_4428</setSpec><setSpec>com_2072_4427</setSpec><setSpec>col_2072_487898</setSpec></header><metadata><record xmlns="http://www.loc.gov/MARC21/slim" xmlns:dcterms="http://purl.org/dc/terms/" xmlns:xsi="http://www.w3.org/2001/XMLSchema-instance" xmlns:doc="http://www.lyncode.com/xoai" xsi:schemaLocation="http://www.loc.gov/MARC21/slim http://www.loc.gov/standards/marcxml/schema/MARC21slim.xsd">
   <leader>00925njm 22002777a 4500</leader>
   <datafield ind2=" " ind1=" " tag="042">
      <subfield code="a">dc</subfield>
   </datafield>
   <datafield ind2=" " ind1=" " tag="720">
      <subfield code="a">Duran-Montge, P.</subfield>
      <subfield code="e">author</subfield>
   </datafield>
   <datafield ind2=" " ind1=" " tag="720">
      <subfield code="a">Theil, P. K.</subfield>
      <subfield code="e">author</subfield>
   </datafield>
   <datafield ind2=" " ind1=" " tag="720">
      <subfield code="a">Lauridsen, C.</subfield>
      <subfield code="e">author</subfield>
   </datafield>
   <datafield ind2=" " ind1=" " tag="720">
      <subfield code="a">Esteve-Garcia, Enric</subfield>
      <subfield code="e">author</subfield>
   </datafield>
   <datafield ind2=" " ind1=" " tag="260">
      <subfield code="c">2009-01-01</subfield>
   </datafield>
   <datafield ind2=" " ind1=" " tag="520">
      <subfield code="a">Little is known about pig gene expressions related to dietary fatty acids (FAs) and most work have been conducted in rodents.&#xd;
The aim of this study was to investigate how dietary fats regulate fat metabolism of pigs in different tissues. Fifty-six crossbred&#xd;
gilts (62 6 5.2 kg BW) were fed one of seven dietary treatments (eight animals per treatment): a semi-synthetic diet containing&#xd;
a very low level of fat (no fat (NF)) and six fat-supplemented diets (ca. 10%) based on barley and soybean meal. The&#xd;
supplemental fat sources were tallow (T), high-oleic sunflower oil (HOSF), sunflower oil (SFO), linseed oil (LO), blend (FB) (55%&#xd;
T, 35% SFO and 10% LO) and fish oil (FO) blend (40% FO and 60% LO). Pigs were slaughtered at 100 kg BW and autopsies&#xd;
from liver, adipose tissue and muscle semimembranousus were collected for qPCR. The messenger ribonucleic acid (mRNA)&#xd;
abundances of genes related to lipogenesis were modified due to dietary treatments in both liver (sterol regulatory elementbinding protein-1 (SREBP-1), acetyl CoA carboxylase (ACACA) and stearoyl CoA desaturase (SCD)) and adipose tissue (fatty acid&#xd;
synthase (FASN), ACACA and SCD), but were not affected in semimembranousus muscle. In the liver, the mRNA abundances of&#xd;
genes encoding lipogenic enzymes were highest in pigs fed HOSF and lowest in pigs fed FO. In adipose tissue, the mRNA&#xd;
abundances were highest in pigs fed the NF diet and lowest in pigs fed T. The study demonstrated that dietary FAs stimulate&#xd;
lipogenic enzyme gene expression differently in liver, fat and muscles tissues.</subfield>
   </datafield>
   <datafield ind1="8" ind2=" " tag="024">
      <subfield code="a">Duran-Montgé, P., P. K. Theil, C. Lauridsen, and E. Esteve-Garcia. 2009. “Dietary Fat Source Affects Metabolism of Fatty Acids in Pigs as Evaluated by Altered Expression of Lipogenic Genes in Liver and Adipose Tissues.” Animal 3 (4): 535–542. doi: 10.1017/s1751731108003686</subfield>
   </datafield>
   <datafield ind1="8" ind2=" " tag="024">
      <subfield code="a">1751-7311</subfield>
   </datafield>
   <datafield ind1="8" ind2=" " tag="024">
      <subfield code="a">http://hdl.handle.net/20.500.12327/3128</subfield>
   </datafield>
   <datafield ind1="8" ind2=" " tag="024">
      <subfield code="a">https://doi.org/10.1017/S1751731108003686</subfield>
   </datafield>
   <datafield ind2="0" ind1="0" tag="245">
      <subfield code="a">Dietary fat source affects metabolism of fatty acids in pigs as evaluated by altered expression of lipogenic genes in liver and adipose tissues</subfield>
   </datafield>
</record></metadata></record></GetRecord></OAI-PMH>